000 01510nam a2200349 a 4500
001 31027
003 BD-RjUL
005 20211209051642.0
008 141030s2014 maua b 001 0 eng
020 _a9781440572715 (pbk : alk. paper)
020 _a1440572712 (pbk : alk. paper)
020 _z9781440572722 (e-book)
020 _z1440572720 (e-book)
035 _a(BD-RjUL)31114
040 _aDLC
_beng
_cDLC
_erda
_dBD-RjUL
041 _aeng
082 0 0 _a330
_223
_bSAT 2014
100 1 _aSander, Peter J.
_9113784
245 1 0 _a101 things everyone should know about economics :
_bfrom securities and derivatives to interest rates and hedge funds, the basics of economics and what they mean for you /
_cPeter Sander, MBA.
246 3 _aOne hundred one things everyone should know about economics
246 3 _aA hundred one things everyone should know about economics
250 _a2nd Edition.
260 _aAvon, Massachusetts :
_bAdams Media,
_c2014.
300 _a256 p. :
_bill. ;
_c22 cm.
504 _aIncludes bibliographical references and index.
505 0 _aIntroduction -- The basics -- Economy and economic cycles -- Money, prices, and interest rates -- Banks and central banking -- Government and government programs -- Economic schools and tools -- Finance and financial markets -- Trade and international economics.
650 0 _aEconomics.
_9113785
650 0 _aFinance, Personal.
_9113786
942 _2ddc
_cBK
999 _c31027
_d31027